লোডিং...

Agricultural marketing in India /

গ্রন্থ-পঞ্জীর বিবরন
প্রধান লেখক: Acharya, S. S.
অন্যান্য লেখক: Agarwal, N. L.
বিন্যাস: Printed Book
ভাষা:English
প্রকাশিত: Delhi: Oxford & IBH, 1987.
LEADER 00481 a2200133 4500
008 100208b ||||| |||| 00| 0 eng d
082 |a 338.1 
100 |a Acharya, S. S. 
245 |a Agricultural marketing in India / 
260 |b Oxford & IBH,  |a Delhi:  |c 1987. 
700 |a Agarwal, N. L. 
942 |c BK 
999 |c 314793  |d 314793 
952 |0 0  |1 0  |2 ddc  |4 0  |6 338_100000000000000_ACH_AG  |7 0  |9 360893  |a ECN  |b ECN  |c GEN  |d 2010-09-07  |g 0.00  |i 5303  |l 7  |o 338.1 ACH/AG  |p ECN5303  |r 2019-12-20  |s 2019-11-08  |w 2010-09-07  |y BK